zpět

Detail výsledku týmu

Chicago Bar & Grill ČT, Liberec

Datum a čas kvízu

29 Celkem bodů Celkový počet nahraných bodů na tomto kvízu bez doplňovacích otázek.
5. Pořadí na kvízu Konečné umístění týmu na tomto kvízu.

Zaznamenané odpovědi

# Otázka Odpověď Body Výsledky
1. Které konkrétní neočekávané zb... kokain 1
2. Která země letos pořádala svět... Jižní Korea 1
3. Ve čtvrtek mělo v českých kine... Gran Turismo, Orlando Bloom 0.5
4. Jak se nazývá každoroční meteo... Perseidy 1
5. Tuzemský fotbalový pohár minul... z Prostějova 0
6. Tentokrát se podíváme na různá... 1B 2C 3A 4D 1
7. Doplňte město do názvu dobrodr... York, Daniel Defoe 0.5
8. Mistr napětí Stephen King má v... Salem, Dallas 0.5
9. Poslední dvě otázky tohoto tém... Paul Gauguin, Tahiťanky 0.5
10. Napište jméno autora této uměl... David Černý 1